01397nam a22001817a 4500003001000000005001700010008004100027040001400068041000700082100003000089245010000119260004100219300001200260500007600272520082600348650002301174654001801197IT-MiCISF20170403172246.0170403b xxu||||| |||| 00| 0 eng d cIT-MiCISF ait aGerardi Adele (a cura di) aXXL. Un territorio formato famigliabI distretti famiglia del Trentino. 10 storie ed esperienze aRovereto (TN)bGreenTrenDesignc2015 app. 131 afamiglia, lavoro, territorio, società, esperienze, politica-familiare aQuesto volume corrisponde a un nuovo concept editoriale di “libro collettivo”, composto, cioè, da storie di comunità che proseguono, dopo l’esordio della prima pubblicazione (Figli e lavoro si può), nel solco della narrazione delle buone pratiche delle politiche familiari promosse dalla Provincia autonoma di Trento. Se nella precedente pubblicazione il focus era stato posto sulle misure di conciliazione tra famiglia e lavoro, ora è stato spostato sulla coralità dei territori family friendly, i cosiddetti Distretti famiglia, a tutt’oggi esistenti in Italia solo nella provincia di Trento. Le storie sono quelle raccontate dai coordinatori dei Distretti, cioè coloro che su base volontaria si sono assunti la responsabilità di avviare la rete del Distretto nella rispettiva Comunità di valle.  apolitica-familiare atestimonianza